LEADER 01005nam a2200241 i 4500 001 000000118443 003 CaOOAMICUS 005 20030929000000.0 008 030929s1993 it u000 u ita u 013 $a91136 040 $aSeMil$bita 100 1 $aPesenti, Graziano G.$0(OLS)http://semarc/name/20857 245 14$aUna vita per la «Parola» :$bmons. Gioacchino Scattolon 1901-1986 /$cGraziano G. Pesenti. 260 $aTreviso :$b[s.n.],$c1993. 300 $a205 p., [5] c. di tav. ;$c21 cm. 500 $aFondo Card. C.M. Martini. 650 4$aScattolon, Gioacchino - Biografie.$0(OLS)http://semarc/subject/22098 850 $aSeMil 852 $aSeMil$W1$xVenegono$y1$m3J II 89$j73747$B73747$CSeMilBibl$Z2$F103953 $81 941 1 $a4 961 $aOmaggio: Martini Card. Carlo Maria 996 $6245$aUna vita per la «Parola» :$bmons. Gioacchino Scattolon 1901-1986$9(OLS)http://semarc/title/173994 996 $6260$aTreviso :$b[s.n.]$9(OLS)http://semarc/publisher/30916 LEADER 01195nam a2200301 4500 001 000000364411 003 CaOOAMICUS 005 20250919120620.0 008 250919s1996 it 000 u ita r 020 $a88-211-6275-3 040 $aSeMil$bita 100 1 $aCampanella, Tommaso,$c.$0(OLS)http://semarc/name/89924 245 13$aLa cittą del sole /$cTommaso Campanella . La cittą felice / Francesco Patrizi. 264 1$aGenova :$bMarietti,$c1996. 300 $aXXV, 112 p. ;$c17 cm 490 1 $aI rombi 700 1 $aPatrizi, Francesco,$d<1529-1597>.$0(OLS)http://semarc/name/34025 730 32$aLa cittą felice.$0(OLS)http://semarc/title/455783 830 2$aI rombi.$0(OLS)http://semarc/title/10234 850 $aSeMil 852 $aSeMil$W1$xVenegono$y1$m2R I 203$j262017$B255279$CSeMilBibl$Z2$F255279 $81 900 1 $aPatrizi da Cherso, Francesco. 961 $aBuzzi mons. Franco - Omaggio 996 $6020$a88-211-6275-3$9(OLS)http://semarc/number/304165 996 $6245$aLa cittą del sole$9(OLS)http://semarc/title/451739 996 $6264$aGenova :$bMarietti$9(OLS)http://semarc/publisher/29997